Statistics for Měsíce

Click here to take the quiz!

General Stats

  • This quiz has been taken 914 times
  • The average score is 11 of 12

Answer Stats

Měsíc% Correct
1.Leden
98%
2.Únor
98%
3.Březen
97%
6.Červen
97%
4.Duben
97%
5.Květen
97%
7.Červenec
96%
11.Listopad
95%
9.Září
95%
12.Prosinec
94%
10.Řijen
93%
8.Srpen
93%

Score Distribution

Percentile by Number Answered

Percent of People with Each Score

Your Score History

You have not taken this quiz